[Event "UT Dallas GM Invitational"]
[Site "Richardson USA"]
[Date "2011.03.18"]
[Round "11"]
[White "Becerra Rivero,J"]
[Black "Chirila,I"]
[Result "1-0"]
[WhiteElo "2549"]
[BlackElo "2513"]

1.e4 e5 2.Nf3 Nc6 3.Bb5 a6 4.Ba4 Nf6 5.O-O Be7 6.Re1 b5 7.Bb3 O-O 8.d4 d6
9.c3 Bg4 10.d5 Na5 11.Bc2 c6 12.h3 Bc8 13.dxc6 Qc7 14.Nbd2 Qxc6 15.Nf1 Be6
16.Ng3 Rfe8 17.a4 Bd8 18.Ng5 Bd7 19.Nf3 Rc8 20.axb5 axb5 21.Re2 Be6 22.Ng5 Bd7
23.Nf3 Nc4 24.b3 Nb6 25.Bd2 h6 26.Bd3 d5 27.Qc2 Qd6 28.Qb1 Bc6 29.Be1 g6
30.Ra7 dxe4 31.Nxe4 Nxe4 32.Bxe4 Bxe4 33.Qxe4 Nd5 34.Rd2 Nxc3 35.Qb7 Qe6
36.Rd6 Qf5 37.g4 Qf4 38.Bd2 Ne2+ 39.Kf1 Re7 40.Qxc8 Qxf3 41.Rxd8+  1-0

[Event "4th Summer Solstice Open"]
[Site "Fort Lauderdale USA"]
[Date "2011.07.09"]
[Round "1"]
[White "Xanthos,C"]
[Black "Becerra Rivero,J"]
[Result "0-1"]
[WhiteElo "2131"]
[BlackElo "2557"]

1.d4 g6 2.c4 Bg7 3.Nc3 d6 4.e4 Nf6 5.f3 O-O 6.Be3 c5 7.d5 e6 8.Qd2 exd5 9.cxd5 a6
10.a4 Re8 11.Bf4 Qe7 12.Bd3 Nbd7 13.Nge2 Rb8 14.O-O Ne5 15.b3 Nxd3 16.Qxd3 Nh5
17.Be3 b5 18.axb5 axb5 19.Ra5 b4 20.Nb1 Bd7 21.Nd2 Ra8 22.Rxa8 Rxa8 23.Nc4 Bb5
24.Qc2 Ra6 25.g4 Nf6 26.Bf4 Nd7 27.Kg2 Ne5 28.Nxe5 Bxe5 29.Bxe5 Qxe5 30.Rb1 Ra3
31.Qd2 h5 32.gxh5 Qxh5 33.Ng3 Qe5 34.Ne2 Kg7 35.Qc2 Qf6 36.Qd2 Qe5 37.Qc2 Qg5+
38.Kf2 Qh6 39.Kg2 Qe3 40.Nc1 c4 41.Qe2 Qxe2+ 42.Nxe2 Ra2 43.bxc4 Bxc4 44.Rxb4 Bxe2
45.f4 Ra3 46.Kf2 Bg4 47.e5 Rf3+ 48.Kg2 Rd3 49.Rb5 dxe5 50.fxe5 Bf3+ 51.Kf2 Bxd5
52.Ke2 Bc4 53.Rc5 Rd4+ 54.Ke3 Rh4 55.Kf3 Be6 56.Kg3 Rh3+ 57.Kg2 g5 58.Ra5 Kg6
59.Rc5 g4 60.Ra5 Kf5 61.Rc5 Kf4 62.Ra5 Re3 63.Ra4+ Kxe5 64.Kf2 Rh3 65.Kg2 f5
66.Rb4 f4 67.Kg1 Bd5 68.Ra4 Rb3 69.Ra1 Rb2 70.Re1+ Be4 71.Rc1 Rg2+ 72.Kf1 f3
73.Rc5+ Kf4 74.Rc3 Rxh2 75.Ke1 g3 76.Ra3  0-1

[Event "4th Summer Solstice Open"]
[Site "Fort Lauderdale USA"]
[Date "2011.07.09"]
[Round "3"]
[White "Fernandez,Dani"]
[Black "Becerra Rivero,J"]
[Result "1/2-1/2"]
[WhiteElo "2401"]
[BlackElo "2557"]

1.d4 g6 2.c4 Bg7 3.Nc3 d6 4.Nf3 Nf6 5.Bg5 h6 6.Bh4 g5 7.Bg3 Nh5 8.e3 Nd7
9.Be2 c5 10.d5 a6 11.Qc2 Qa5 12.O-O Rb8 13.a4  1/2-1/2

[Event "4th Summer Solstice Open"]
[Site "Fort Lauderdale USA"]
[Date "2011.07.10"]
[Round "4"]
[White "Becerra Rivero,J"]
[Black "Goss,M"]
[Result "1-0"]
[WhiteElo "2557"]
[BlackElo "2084"]

1.e4 e5 2.Nf3 Nc6 3.Bb5 a6 4.Ba4 Nf6 5.d3 b5 6.Bb3 Be7 7.a4 Bb7 8.Nc3 b4
9.Nd5 Nxd5 10.Bxd5 O-O 11.Nxe5 Bf6 12.Ng4 Bd4 13.O-O Kh8 14.Ne3 Qf6 15.Rb1 Nd8
16.Bxb7 Nxb7 17.Nd5 Qc6 18.Nxb4 Qxa4 19.c3 Qa5 20.Bd2 Be5 21.d4 Bd6 22.Nd5 c6
23.Ne3 Qd8 24.f4 Re8 25.e5 Bf8 26.Qb3 Rb8 27.Qxf7 d6 28.b4 Re7 29.Qc4 c5
30.bxc5 dxc5 31.d5 Na5 32.Qxa6 Nb3 33.Be1 Rb6 34.Qa2 Qb8 35.d6 Ra7 36.Qf2 Qa8
37.Qf3 Rab7 38.Rd1 Qe8 39.Nc4 Rb5 40.Qd5  1-0

[Event "4th Summer Solstice Open"]
[Site "Fort Lauderdale USA"]
[Date "2011.07.10"]
[Round "5"]
[White "Heung,C"]
[Black "Becerra Rivero,J"]
[Result "0-1"]
[WhiteElo "2109"]
[BlackElo "2557"]

1.e4 e5 2.Nf3 Nc6 3.Bb5 a6 4.Ba4 Nf6 5.O-O Be7 6.Re1 b5 7.Bb3 d6 8.c3 O-O
9.h3 Na5 10.Bc2 c5 11.d4 Nd7 12.Nbd2 cxd4 13.cxd4 Nc6 14.Nf1 Nxd4 15.Nxd4 exd4
16.Qxd4 Ne5 17.Ne3 Bxh3 18.f4 Nc6 19.Qc3 Bd7 20.Nd5 Rc8 21.Qd3 g6 22.Be3 Be6
23.Bb3 Bxd5 24.Qxd5 Na5 25.Rad1 Nxb3 26.Qxb3 Rc4 27.Qd3 Qa8 28.Bd4 Rfc8 29.Rf1 d5
30.Kh2 dxe4 31.Qe3 Qd5 32.f5 Bc5 33.Bxc5 Qxc5 34.Qh6 Qf8 35.Qg5 Re8 36.fxg6 hxg6
37.Rf6 Rc7 38.Rdd6 e3 39.Qd5 Kh7 40.Rf3 Qh6+ 41.Rh3 Qxh3+ 42.Kxh3 e2 43.Rd7 Rxd7
44.Qxd7 e1=Q 45.Qxf7+ Kh6  0-1

[Event "112th US Open"]
[Site "Orlando USA"]
[Date "2011.08.05"]
[Round "4"]
[White "Becerra Rivero,J"]
[Black "Gulamali,K"]
[Result "0-1"]
[WhiteElo "2557"]
[BlackElo "2367"]

1.e4 e5 2.Nf3 Nc6 3.Bb5 a6 4.Ba4 Nf6 5.O-O Be7 6.Re1 b5 7.Bb3 d6 8.c3 O-O
9.h3 Na5 10.Bc2 c5 11.d4 Qc7 12.d5 c4 13.b4 Nb7 14.a4 Bd7 15.Be3 bxa4 16.Na3 a5
17.Nd2 axb4 18.cxb4 c3 19.Ndc4 Rfb8 20.Qd3 Nd8 21.Rab1 Nh5 22.Qxc3 Nf4 23.Qd2 g5
24.Rec1 Qc8 25.Bd1 Qa6 26.Bg4 f5 27.Bxf5 Bxf5 28.exf5 Nf7 29.Kh2 Kh8 30.g3 Rg8
31.b5 Qb7 32.Nb6 Raf8 33.Rc6 Bd8 34.Nbc4 Qd7 35.g4 h5 36.f3 hxg4 37.fxg4 Kg7
38.Rg1 Rh8 39.Rg3 Rh6 40.Qd1 Rfh8 41.Qf3 Bf6 42.b6 Qe8 43.Rc7 e4 44.Nxd6 exf3
45.Nxe8+ Rxe8 46.Nc4 Rxe3 47.Nxe3 Be5 48.Rc1  0-1

[Event "112th US Open"]
[Site "Orlando USA"]
[Date "2011.08.05"]
[Round "7"]
[White "Vilenchuk,M"]
[Black "Becerra Rivero,J"]
[Result "0-1"]
[WhiteElo "2183"]
[BlackElo "2557"]

1.e4 e5 2.Nf3 Nc6 3.Bc4 Nf6 4.Ng5 d5 5.exd5 Na5 6.Bb5+ c6 7.dxc6 bxc6 8.Bd3 h6
9.Ne4 Nd5 10.Ng3 g6 11.Be4 f5 12.Bxd5 cxd5 13.Qe2 Nc6 14.O-O Bg7 15.Qb5 Qd7
16.c4 Nd4 17.Qxd7+ Kxd7 18.Nc3 dxc4 19.Nge2 Ba6 20.Re1  0-1

[Event "US Chess League 2011"]
[Site "ICC INT"]
[Date "2011.09.19"]
[Round "4"]
[White "Becerra Rivero,J"]
[Black "Bhat,V"]
[Result "1-0"]
[WhiteElo "2556"]
[BlackElo "2511"]

1.e4 e6 2.d4 d5 3.Nc3 Nf6 4.Bg5 dxe4 5.Nxe4 Nbd7 6.Nf3 h6 7.Nxf6+ Nxf6 8.Be3 Nd5
9.Bd3 Nxe3 10.fxe3 Bd6 11.e4 c5 12.e5 Be7 13.Qe2 Bd7 14.O-O-O Qc7 15.Kb1 O-O-O
16.Rhf1 Bc6 17.Be4 Rd7 18.dxc5 Bxe4 19.Qxe4 Rhd8 20.Rd3 Bxc5 21.a3 Rxd3 22.cxd3 Kb8
23.Rc1 Qb6 24.Ka2 Bf8 25.Qc4 a6 26.d4 Qa5 27.Kb1 Be7 28.Rc3 Ka7 29.h3 Rd7
30.Kc2 Bd8 31.Qc5+ Qxc5 32.dxc5 Kb8 33.Rd3 Kc8 34.b4 Bc7 35.Rxd7 Kxd7 36.Kd3 f6
37.a4 Kc6 38.Kc4 Kd7 39.b5 axb5+ 40.axb5 Ba5 41.b6 h5 42.Kb5 Bc3 43.c6+ Kc8
44.c7 Kd7 45.Kc5 g5 46.g4 hxg4 47.hxg4 Bb2 48.Kc4 Kc8 49.exf6 Bxf6 50.Nd4 Kd7
51.Nxe6 Be7 52.Kd5 Bf6 53.Nc5+ Kc8 54.Ne4 Be7 55.Nc3  1-0

[Event "US Chess League 2011"]
[Site "ICC INT"]
[Date "2011.10.05"]
[Round "6"]
[White "Becerra Rivero,J"]
[Black "Hungaski,R"]
[Result "1/2-1/2"]
[WhiteElo "2556"]
[BlackElo "2507"]

1.e4 e5 2.Nf3 Nc6 3.Bb5 Bc5 4.c3 Qf6 5.d4 exd4 6.e5 Qg6 7.cxd4 Nxd4 8.Nxd4 Qb6
9.Be3 Bxd4 10.Qxd4 Qxb5 11.Nc3 Qc6 12.Nd5 Ne7 13.Nxe7 Kxe7 14.O-O Qg6 15.Rac1 Kd8
16.Qc5 c6 17.Qa5+ b6 18.Bxb6+ axb6 19.Qxa8 Kc7 20.a4 c5 21.Rfd1 Qc6 22.Qxc6+ dxc6
23.a5 Be6 24.axb6+ Kxb6 25.f4 g6 26.Kf2 h5 27.Ra1 Rb8 28.Kg3 c4 29.Rd2 Kc5
30.Ra3 Rb7 31.Kh4 Bf5 32.Rc3 Be6 33.Kg5 Ra7 34.Rc1 Kb4 35.Kf6 Ra5 36.Rdc2 Ra7
37.Rd2 Ra5 38.Rd6 Bd5 39.Rc2 Ra7 40.g3 Kb3 41.Rd2 Rb7 42.h3 Ka2 43.g4 hxg4
44.hxg4 Kb1 45.f5 gxf5 46.gxf5 Kc1 47.Rf2 Rxb2 48.Rf1+ Kd2 49.e6 fxe6 50.fxe6 Rb3
51.Rf2+ Kd1 52.Rd8 Re3 53.Ra8 Rxe6+ 54.Kf5 Ke1 55.Rh2 Kf1 56.Ra1+ Re1 57.Rxe1+ Kxe1
58.Ke5 Bf3 59.Kd4 Bd5 60.Kc3 Kd1 61.Rd2+ Ke1 62.Rh2 Kd1 63.Kd4 Ke1  1/2-1/2

[Event "US Chess League 2011"]
[Site "ICC INT"]
[Date "2011.10.11"]
[Round "7"]
[White "Khachiyan,M"]
[Black "Becerra Rivero,J"]
[Result "1/2-1/2"]
[WhiteElo "2481"]
[BlackElo "2556"]

1.e4 e5 2.Nf3 Nc6 3.Bc4 Nf6 4.d3 Be7 5.O-O O-O 6.Re1 d6 7.c3 Na5 8.Bb5 a6
9.Ba4 b5 10.Bc2 c5 11.Nbd2 Nd7 12.Nf1 Nb6 13.Ng3 Nc6 14.Nf5 Bf6 15.d4 exd4
16.cxd4 Bxf5 17.dxc5 dxc5 18.exf5 Qxd1 19.Bxd1 Nc4 20.Rb1 Nb4 21.Bb3 Nd3
22.Re2 Rfe8 23.Bxc4 bxc4 24.Rc2 c3 25.bxc3 Ne1 26.Rcb2 Bxc3 27.Rb7 Nxf3+
28.gxf3 Bf6 29.Bb2 Rac8 30.Bxf6 gxf6 31.Rd1 c4 32.Rdd7 c3 33.Rxf7 Re1+ 34.Kg2 c2
35.Rg7+ Kf8 36.Rgf7+ Kg8 37.Rg7+ Kf8 38.Rgf7+ Ke8 39.Rxh7 Rg1+ 40.Kh3 Kf8
41.Rh8+ Rg8 42.Rhh7 c1=Q 43.Rhf7+  1/2-1/2

[Event "US Chess League 2011"]
[Site "ICC INT"]
[Date "2011.10.31"]
[Round "10"]
[White "Chirila,I"]
[Black "Becerra Rivero,J"]
[Result "1-0"]
[WhiteElo "2531"]
[BlackElo "2556"]

1.e4 e5 2.Nf3 Nc6 3.Bc4 Nf6 4.Ng5 d5 5.exd5 Na5 6.Bb5+ c6 7.dxc6 bxc6 8.Bd3 h6
9.Ne4 Nd5 10.O-O g6 11.Ng3 Bg7 12.Re1 O-O 13.Bf1 c5 14.d3 f5 15.Bd2 Nc6 16.Nc3 Nc7
17.Nge2 Rb8 18.Nc1 Qd6 19.Nb3 Rd8 20.Be3 Ne6 21.Nd2 Qc7 22.Nc4 Ba6 23.Qc1 Kh7
24.Rb1 Ncd4 25.a3 Bb7 26.Nd1 Ba8 27.b4 cxb4 28.axb4 Qc6 29.Kh1 f4 30.Bxd4 Nxd4
31.c3 Ne2 32.Rxe2 f3 33.Re4 fxg2+ 34.Bxg2 Rxd3 35.Nde3 Rbd8 36.Qe1 Qe6 37.Rc1 h5
38.Qe2 Bf6 39.Qf1 Kg7 40.Bf3 Qf7 41.Qg2 Kh6 42.Nb2 Rd2 43.Nec4 Bxe4 44.Bxe4 R2d7
45.Rg1 Rg8 46.Ne3 Bh4 47.Nd3 Qf6 48.Nd5 Qe6 49.c4 Rf7 50.f3 g5 51.Qb2 Re8
52.Ne3 Rff8 53.Nc5 Qc8 54.Rd1 Rf6 55.Qc2 Qh3 56.Rd7 g4 57.Rh7+ Kg5 58.Rg7+ Kh6
59.Rh7+ Kg5 60.Qd2  1-0

[Event "US Chess League 2012"]
[Site "ICC INT"]
[Date "2012.09.12"]
[Round "2"]
[White "Sammour Hasbun,J"]
[Black "Becerra Rivero,J"]
[Result "1-0"]
[WhiteElo "2463"]
[BlackElo "2555"]

1.e4 e5 2.Nf3 Nc6 3.Bb5 a6 4.Bxc6 dxc6 5.d4 exd4 6.Qxd4 Qxd4 7.Nxd4 Bd7 8.Nc3 O-O-O
9.Be3 Re8 10.O-O-O Ne7 11.Rhe1 b6 12.f3 g6 13.Rd2 Bg7 14.Red1 c5 15.Nde2 Bc6
16.Bf4 f5 17.Nd5 Bxd5 18.exd5 Nxd5 19.Rxd5 Rxe2 20.Rd7 Be5 21.Bxe5 Rxe5 22.Rf7 Rd8
23.Rxd8+ Kxd8 24.Rxh7 Re2 25.g3 Rg2 26.b3 b5 27.Rh6 Kd7 28.Rxg6 Rxh2 29.Rxa6 Rg2
30.Rf6 Rxg3 31.Rxf5 Kd6 32.a4 Rg1+ 33.Kb2 b4 34.Rf8 Rf1 35.a5 Kc6 36.Rb8 c4
37.a6 c3+ 38.Ka2  1-0

[Event "US Chess League 2012"]
[Site "ICC INT"]
[Date "2012.11.05"]
[Round "10"]
[White "Naroditsky,D"]
[Black "Becerra Rivero,J"]
[Result "1/2-1/2"]
[WhiteElo "2483"]
[BlackElo "2555"]

1.e4 e5 2.Nf3 Nc6 3.Bb5 a6 4.Ba4 Nf6 5.O-O Be7 6.Re1 b5 7.Bb3 d6 8.c3 O-O
9.a3 Nb8 10.d4 Nbd7 11.c4 c5 12.dxe5 Nxe5 13.Nxe5 dxe5 14.Nc3 Qxd1 15.Rxd1 Be6
16.Nd5 Bxd5 17.exd5 Bd6 18.a4 b4 19.Bc2 g6 20.a5 Ra7 21.Re1 Nh5 22.Bh6 Rb8
23.g4 Nf4 24.Bxf4 exf4 25.Ba4 Kf8 26.b3 Re7 27.Kg2 Rbb7  1/2-1/2

[Event "11th Annual Turkey Bowl"]
[Site "Sunrise USA"]
[Date "2012.11.17"]
[Round "1"]
[White "Rosenthal,Nicholas"]
[Black "Becerra Rivero,J"]
[Result "0-1"]
[WhiteElo "2036"]
[BlackElo "2555"]

1.e4 e5 2.Nf3 Nc6 3.Bc4 Nf6 4.d3 Be7 5.O-O O-O 6.c3 d6 7.Bg5 Na5 8.Bb3 Nxb3
9.axb3 Nh5 10.Be3 g6 11.d4 Bf6 12.Na3 Qe7 13.d5 Bg7 14.Nd2 Bd7 15.c4 Nf4
16.b4 f5 17.exf5 Bxf5 18.Nb5 a6 19.Nc3 Qh4 20.g3 Qh3 21.Bxf4 exf4 22.Qf3 Bg4
23.Qg2 Qh5 24.f3 Bd4+ 25.Rf2 fxg3 26.Qxg3 Bxf3 27.Rf1 Rae8 28.h4 Be2 29.Nde4 Bxf1
30.Kxf1 Bxf2 31.Nxf2 Rf3 32.Qh2 Qg4 33.b3 Rxf2+  0-1

[Event "11th Annual Turkey Bowl"]
[Site "Sunrise USA"]
[Date "2012.11.17"]
[Round "2"]
[White "Becerra Rivero,J"]
[Black "Lopez,Ald"]
[Result "1-0"]
[WhiteElo "2555"]
[BlackElo "2174"]

1.e4 e6 2.d4 d5 3.Nc3 Bb4 4.exd5 exd5 5.Bd3 Nc6 6.a3 Be7 7.Bf4 a6 8.Nce2 Nf6
9.c3 O-O 10.Ng3 Bd6 11.N1e2 Bxf4 12.Nxf4 Re8+ 13.Nfe2 Ne7 14.Qd2 Qd6 15.O-O Bd7
16.a4 b5 17.a5 b4 18.Qf4 Qxf4 19.Nxf4 Reb8 20.c4 dxc4 21.Bxc4 Bb5 22.Rfc1 c6
23.Nd3 Nfd5 24.Bxb5 Rxb5 25.Rc4 f6 26.Kf1 Rd8 27.Nc5 Kf7 28.h3 g6 29.Kg1 h5
30.h4 Nf4 31.Re1 f5 32.Nf1 Rd6 33.Nh2 Ne6 34.Nf3 Nxc5 35.dxc5 Rd5 36.Ng5+ Ke8
37.Ne6 Kd7 38.Nf8+ Kd8 39.Rc2 Rxa5 40.Rce2 Nc8 41.Re8+ Kc7 42.Ne6+ Kd7 43.Rd8+  1-0

[Event "11th Annual Turkey Bowl"]
[Site "Sunrise USA"]
[Date "2012.11.17"]
[Round "3"]
[White "Aguilar,Luciano"]
[Black "Becerra Rivero,J"]
[Result "0-1"]
[WhiteElo "2036"]
[BlackElo "2555"]

1.e4 e5 2.Nf3 Nc6 3.Bb5 a6 4.Ba4 Nf6 5.O-O Be7 6.Re1 b5 7.Bb3 d6 8.c3 O-O
9.h3 Na5 10.Bc2 c5 11.d4 Nd7 12.dxe5 dxe5 13.Nbd2 Bb7 14.Nf1 Nc4 15.b3 Nd6
16.Ng3 a5 17.Ba3 Qc7 18.Qd2 Rfd8 19.Rad1 a4 20.Bb2 f6 21.Bb1 Nf8 22.Qe3 axb3
23.axb3 Ne6 24.Rd2 Nf7 25.Red1 Rxd2 26.Rxd2 Bf8 27.Qe1 Bc6 28.Nh2 Qb7 29.Rd1 b4
30.cxb4 Qxb4 31.Qxb4 cxb4 32.Nhf1 Nc5 33.Rc1 Bb5 34.Nd2 Nd8 35.Nf5 Nde6 36.Ne3 Nf4
37.Kh2 Nfd3 38.Bxd3 Nxd3 39.Ra1 Rxa1 40.Bxa1 Nxf2 41.Kg3 Nd3 42.Nec4 Bc5
43.Nb2 Be3  0-1

[Event "11th Annual Turkey Bowl"]
[Site "Sunrise USA"]
[Date "2012.11.18"]
[Round "4"]
[White "Becerra Rivero,J"]
[Black "Goss,M"]
[Result "1-0"]
[WhiteElo "2555"]
[BlackElo "2055"]

1.e4 e6 2.d4 d5 3.Nc3 Bb4 4.e5 c5 5.a3 Bxc3+ 6.bxc3 Ne7 7.Nf3 Nbc6 8.Bd3 c4
9.Be2 Bd7 10.a4 Qa5 11.Qd2 O-O-O 12.Ba3 f6 13.O-O h5 14.Rfe1 Nf5 15.Bf1 h4
16.Bb4 Qc7 17.a5 Kb8 18.g4 hxg3 19.hxg3 Ka8 20.Bg2 Rdg8 21.a6 b6 22.Ba3 Qc8
23.Bc1 Qe8 24.Re2 Qh5 25.Kf1 Rh7 26.Qe1 Nd8 27.Rb1 Rgh8 28.Qd2 Qg4 29.Re1 Nf7
30.exf6 gxf6 31.Qf4 Qxf4 32.Bxf4 N5d6 33.Kg1 Ne4 34.Re3 Re8 35.Rbe1 f5 36.Ne5 Nxe5
37.Bxe5 Ba4 38.f3 Bxc2 39.fxe4 dxe4 40.Rxe4  1-0

[Event "11th Annual Turkey Bowl"]
[Site "Sunrise USA"]
[Date "2012.11.18"]
[Round "5"]
[White "Rodriguez,Er"]
[Black "Becerra Rivero,J"]
[Result "1/2-1/2"]
[WhiteElo "2289"]
[BlackElo "2555"]

1.d4 g6 2.e4 Bg7 3.c3 d6 4.Nf3 Nf6 5.Nbd2 O-O 6.Be2 c5 7.dxc5 dxc5 8.O-O Nc6
9.Qc2 Qc7 10.Nc4 h6 11.a4 Be6 12.h3 Rfd8 13.Be3 b6 14.Rfe1 Rd7 15.Bf1 Rad8
16.Qc1 g5 17.Qc2 Nh7 18.Rad1 Nf8 19.Rxd7 Rxd7 20.Rd1 Ng6 21.Rxd7  1/2-1/2

[Event "Narciso Rabell Mendez Mem"]
[Site "San Sebastian Del Pepino PUR"]
[Date "2014.01.18"]
[Round "2.6"]
[White "Nunez,W"]
[Black "Becerra Rivero,J"]
[Result "0-1"]
[WhiteElo "1988"]
[BlackElo "2546"]

1.c4 g6 2.Nc3 Bg7 3.g3 c5 4.Bg2 Nc6 5.Nf3 d6 6.O-O Nh6 7.d3 O-O 8.Bd2 Rb8
9.Rb1 Nf5 10.a3 b6 11.b4 Qd7 12.bxc5 dxc5 13.Nd5 e6 14.Ne3 Nfe7 15.Qc1 Bb7
16.Bc3 e5 17.Qd2 Nd4 18.Rfd1 Rfe8 19.Bxd4 exd4 20.Nf1 Nc6 21.Re1 Re7 22.Qf4 Rbe8
23.Rb2 Nd8 24.h4 f5 25.N1h2 h6 26.Bh3 Nf7 27.Qd2 h5 28.Qc2 Nh6 29.Bg2 Qc6
30.Ra2 Ng4 31.a4 Bh6 32.Qb2 Nxf2  0-1

[Event "Narciso Rabell Mendez Mem"]
[Site "San Sebastian Del Pepino PUR"]
[Date "2014.01.18"]
[Round "3.3"]
[White "Becerra Rivero,J"]
[Black "Colon Melendez,Edgar L."]
[Result "1-0"]
[WhiteElo "2546"]
[BlackElo "2248"]

1.e4 e6 2.d4 d5 3.Nc3 Bb4 4.exd5 exd5 5.Bd3 Ne7 6.Ne2 Bf5 7.O-O c6 8.Ng3 Bg6
9.Nce2 Nd7 10.Bf4 Nf8 11.c3 Bd6 12.a4 Ne6 13.Bxd6 Qxd6 14.f4 f5 15.Qd2 O-O
16.Bc2 c5 17.Rad1 c4 18.Rde1 Be8 19.Kh1 g6 20.Ng1 Nc6 21.N3e2 Na5 22.Nf3 Nb3
23.Bxb3 cxb3 24.Nc1 Bxa4 25.Re5 Rae8 26.Rfe1 Nc7 27.Qf2 Rxe5 28.dxe5 Qa6
29.Nd4 Qb6 30.Kg1 Re8 31.Ndxb3 Qxf2+ 32.Kxf2 Bxb3 33.Nxb3 Ne6 34.g3 Kf7 35.Ra1 a6
36.Ra5 Rd8 37.Ke3 h6 38.Nd4 Rd7 39.Nxe6 Kxe6 40.Kd4 g5 41.Rc5 gxf4 42.gxf4 Rg7
43.Rxd5 Rg4 44.Rd6+ Ke7 45.Ke3 Rh4 46.Rb6 Rh3+ 47.Kd4 Rxh2 48.Rxb7+ Kd8 49.e6 Re2
50.Kd5 h5 51.b4 h4 52.Rh7 Re3 53.Rxh4 Rxc3 54.Ke5  1-0

[Event "Narciso Rabell Mendez Mem"]
[Site "San Sebastian Del Pepino PUR"]
[Date "2014.01.19"]
[Round "4.2"]
[White "Machin Rivera,M"]
[Black "Becerra Rivero,J"]
[Result "0-1"]
[WhiteElo "2359"]
[BlackElo "2546"]

1.c4 g6 2.g3 Bg7 3.Bg2 c5 4.e3 Nc6 5.Ne2 e5 6.O-O Nge7 7.Nbc3 O-O 8.d3 d6
9.a3 a5 10.Rb1 Rb8 11.b3 Be6 12.Nd5 b5 13.Bb2 a4 14.bxa4 bxc4 15.dxc4 Bf5
16.e4 Bd7 17.Nec3 Nxd5 18.exd5 Nd4 19.Nb5 Bf5 20.Rc1 Qd7 21.Re1 Ra8 22.h3 h5
23.Kh2 Ra6 24.f3 Qd8 25.g4 Bd7 26.Bc3 Bh6 27.gxh5 Bf4+ 28.Kg1 Qg5 29.Rb1 Bxh3
30.Rb2 Nf5 31.Kf1 Qxh5 32.Bxh3 Qxh3+ 33.Ke2 Ng3+ 34.Kd3 Qf5+ 35.Re4 Nxe4
36.fxe4 Qh3+ 37.Kc2 Rxa4 38.Qe2 Ra6 39.Ra2 Rfa8 40.Qd3 Qxd3+ 41.Kxd3 f5 42.Rg2 Kf7
43.Nc7 Rxa3 44.Nxa8 fxe4+  0-1

[Event "Narciso Rabell Mendez Mem"]
[Site "San Sebastian Del Pepino PUR"]
[Date "2014.01.19"]
[Round "5.1"]
[White "Becerra Rivero,J"]
[Black "Corrales Jimenez,F"]
[Result "1/2-1/2"]
[WhiteElo "2546"]
[BlackElo "2568"]

1.e4 e5 2.Nf3 Nc6 3.Bb5 a6 4.Ba4 Nf6 5.O-O Be7 6.Re1 b5 7.Bb3 O-O 8.d4 d6
9.c3 Bg4 10.d5 Na5 11.Bc2 c6 12.h3 Bh5 13.dxc6 Nxc6 14.Bg5 Nd7 15.Be3 Nf6
16.Bg5 Nd7 17.Be3 Nf6 18.Bg5  1/2-1/2